000 01269cam a22003013a 4500
001 17520
003 PGUSA
005 20140828083355.0
008 060115s2006||||xxu|||||s|||||000 i eng d
040 _aPGUSA
_beng
042 _adc
050 4 _aDA
100 1 _aMontagu, Mary Wortley, Lady,
_d1689-1762
245 1 0 _aLetters of the Right Honourable Lady M—y W—y M—e :
_bWritten during Her Travels in Europe, Asia and Africa to Persons of Distinction, Men of Letters, &c. in Different Parts of Europe
_h[electronic resource] /
_cMary Wortley, Lady Montagu
260 _bProject Gutenberg,
_c2006
506 _aPublic domain in the USA.
516 _aElectronic text
653 _aBritish -- Foreign countries -- History -- 18th century
653 _aVoyages and travels -- Early works to 1800
653 _aAuthors, English -- 18th century -- Correspondence
653 _aTurkey -- Description and travel -- Early works to 1800
653 _aDiplomats' spouses -- Great Britain -- Correspondence
653 _aMontagu, Mary Wortley, Lady 1689-1762 -- Correspondence
740 0 _aLetters of the Right Honourable Lady Mary Wortley Montague
830 0 _aProject Gutenberg
_v17520
856 4 0 _uhttp://www.gutenberg.org/ebooks/17520
942 _cEB
999 _c246775
_d246775